[Event "ROM-chT2"]
[Site "Slanic Moldova"]
[Date "2017.10.06"]
[Round "7.6"]
[White "Dinu, Sergiu Andrei"]
[Black "Miloi, Pavel Dan"]
[Result "1/2-1/2"]
[WhiteElo "1940"]
[BlackElo "1999"]
[PlyCount "22"]
[EventDate "2017.09.30"]
[EventType "team-tourn"]
[EventRounds "9"]
[EventCountry "ROU"]
[SourceTitle "CBM 181 Extra"]
[Source "ChessBase"]
[SourceDate "2017.12.12"]
[SourceVersion "1"]
[SourceVersionDate "2017.12.12"]
[SourceQuality "1"]
[WhiteTeam "Husi"]
[BlackTeam "Brasov CSU"]
[WhiteTeamCountry "ROU"]
[BlackTeamCountry "ROU"]

1. d4 d5 2. c4 dxc4 3. e3 Nf6 4. Bxc4 e6 5. Nf3 a6 6. 0-0 b5 7. Be2 Bb7 8. Ne5 Nbd7 9. Nxd7 Qxd7 10. Bf3 Bxf3 11. Qxf3 Qd5 1/2-1/2

[Event "ROM-chT2"]
[Site "Slanic Moldova"]
[Date "2017.10.05"]
[Round "6.5"]
[White "Dinu, Sergiu Andrei"]
[Black "Scripcaru, George Daniel"]
[Result "0-1"]
[WhiteElo "1940"]
[BlackElo "2229"]
[PlyCount "70"]
[EventDate "2017.09.30"]
[EventType "team-tourn"]
[EventRounds "9"]
[EventCountry "ROU"]
[SourceTitle "CBM 181 Extra"]
[Source "ChessBase"]
[SourceDate "2017.12.12"]
[SourceVersion "1"]
[SourceVersionDate "2017.12.12"]
[SourceQuality "1"]
[WhiteTeam "Husi"]
[BlackTeam "Techirghiol Victoria"]
[WhiteTeamCountry "ROU"]
[BlackTeamCountry "ROU"]

1. d4 d5 2. Nf3 Nf6 3. g3 e6 4. Bg5 Nbd7 5. Bg2 h6 6. Bxf6 Nxf6 7. 0-0 c5 8. c3 Be7 9. Nbd2 0-0 10. Ne5 Qc7 11. Ndf3 b6 12. Rc1 Bb7 13. e3 Rac8 14. g4 Ne4 15. Nd2 Bd6 16. f4 Nxd2 17. Qxd2 f6 18. Ng6 Rfe8 19. h4 Qf7 20. h5 b5 21. Qe2 b4 22. g5 bxc3 23. bxc3 f5 24. gxh6 gxh6 25. Kh1 Kh7 26. Rg1 Bc6 27. Bf3 Rg8 28. Rb1 c4 29. Ne5 Bxe5 30. fxe5 Rg5 31. Rg2 Rcg8 32. Rbg1 Qe7 33. Qf2 Be8 34. Qe2 Bf7 35. Qd1 Rg3 0-1